[Event "DVM U20 2022"]
[Site "Münster GER"]
[Date "2022.12.29"]
[Round "5"]
[White "Scheifel, Maximilian"]
[Black "Barz, Henrik"]
[Result "1-0"]
[Termination "normal"]
[Board "7.5"]
[WhiteElo "1561"]
[BlackElo "1647"]
[WhiteClock "00:21:31"]
[BlackClock "00:52:21"]
[WhiteTeam "Karlsruher SF 1853"]
[BlackTeam "ESV Gera"]
[PlyCount "53"]
[WhiteFideId "16279433"]
[BlackFideId "34628320"]
[EventCountry "GER"]
[EventRounds "7"]
[EventType "team-swiss"]
[EventDate "2022.12.26"]

1. e4 {[%clk 01:30:58]} e6 {[%clk 01:30:56]} {[%emt 00:00:05]} 2. d4 {[%clk
01:31:23]} {[%emt 00:00:05]} d5 {[%clk 01:31:22]} {[%emt 00:00:04]} 3. Nd2
{[%clk 01:31:48]} {[%emt 00:00:05]} Nf6 {[%clk 01:31:46]} {[%emt 00:00:07]} 4.
e5 {[%clk 01:32:13]} {[%emt 00:00:05]} Nfd7 {[%clk 01:32:10]} {[%emt 00:00:06]}
5. Ngf3 {[%clk 01:31:02]} {[%emt 00:01:40]} c5 {[%clk 01:32:27]} {[%emt
00:00:13]} 6. c3 {[%clk 01:31:27]} {[%emt 00:00:05]} Nc6 {[%clk 01:32:49]}
{[%emt 00:00:08]} 7. Be2 {[%clk 01:31:14]} {[%emt 00:00:43]} cxd4 {[%clk
01:32:43]} {[%emt 00:00:36]} 8. cxd4 {[%clk 01:31:43]} {[%emt 00:00:02]} f6
{[%clk 01:33:01]} {[%emt 00:00:11]} 9. exf6 {[%clk 01:31:39]} {[%emt 00:00:34]}
Nxf6 {[%clk 01:33:26]} {[%emt 00:00:06]} 10. O-O {[%clk 01:31:50]} {[%emt
00:00:19]} Bd6 {[%clk 01:33:41]} {[%emt 00:00:15]} 11. Re1 {[%clk 01:30:09]}
{[%emt 00:02:11]} O-O {[%clk 01:34:01]} {[%emt 00:00:10]} 12. Nf1 {[%clk
01:26:42]} {[%emt 00:03:57]} Ne4 {[%clk 01:28:44]} {[%emt 00:05:47]} 13. Bd3
{[%clk 01:23:40]} {[%emt 00:03:32]} Nf6 {[%clk 01:24:12]} {[%emt 00:05:03]} 14.
Bg5 {[%clk 01:19:04]} {[%emt 00:05:05]} Bd7 {[%clk 01:19:39]} {[%emt 00:05:04]}
15. Rc1 {[%clk 01:09:31]} {[%emt 00:10:03]} Qb8 {[%clk 01:10:40]} {[%emt
00:09:29]} 16. Bb1 {[%clk 01:06:39]} {[%emt 00:03:21]} Bf4 {[%clk 01:09:27]}
{[%emt 00:01:44]} 17. Bxf4 {[%clk 00:57:47]} {[%emt 00:09:22]} Qxf4 {[%clk
01:09:46]} {[%emt 00:00:11]} 18. Ng3 {[%clk 00:57:25]} {[%emt 00:00:51]} Rae8
{[%clk 01:06:53]} {[%emt 00:03:24]} 19. Ne2 {[%clk 00:42:19]} {[%emt 00:15:34]}
Qd6 {[%clk 01:04:22]} {[%emt 00:03:02]} 20. Nc3 {[%clk 00:38:39]} {[%emt
00:04:10]} Ng4 {[%clk 00:54:58]} {[%emt 00:09:55]} 21. Bxh7 {[%clk 00:30:23]}
{[%emt 00:08:46]} Kxh7 {[%clk 00:54:35]} {[%emt 00:00:53]} 22. Ng5 {[%clk
00:30:42]} {[%emt 00:00:10]} Kg8 {[%clk 00:54:57]} {[%emt 00:00:08]} 23. Qxg4
{[%clk 00:31:01]} {[%emt 00:00:11]} Qf4 {[%clk 00:55:02]} {[%emt 00:00:26]} 24.
Qh5 {[%clk 00:29:32]} {[%emt 00:01:57]} Qxf2 {[%clk 00:53:20]} {[%emt
00:02:14]} 25. Kh1 {[%clk 00:30:01]} {[%emt 00:00:01]} Rf6 {[%clk 00:51:56]}
{[%emt 00:01:54]} 26. Qh7 {[%clk 00:29:37]} {[%emt 00:00:53]} Kf8 {[%clk
00:52:21]} {[%emt 00:00:07]} 27. Nxd5 {[%clk 00:21:31]} {[%emt 00:08:35]} 1-0

[Event "DVM U20 2022"]
[Site "Münster GER"]
[Date "2022.12.29"]
[Round "5"]
[White "Schulter, Moritz"]
[Black "Gülsen, Sinan Yilmaz"]
[Result "1-0"]
[Termination "normal"]
[Board "7.6"]
[WhiteElo "1584"]
[BlackElo "1147"]
[WhiteClock "00:13:42"]
[BlackClock "00:30:15"]
[WhiteTeam "ESV Gera"]
[BlackTeam "Karlsruher SF 1853"]
[PlyCount "121"]
[WhiteFideId "16245067"]
[BlackFideId "34606017"]
[EventCountry "GER"]
[EventRounds "7"]
[EventType "team-swiss"]
[EventDate "2022.12.26"]

1. c4 {[%clk 01:30:55]} {[%emt 00:00:04]} g6 {[%clk 01:30:53]} {[%emt
00:00:07]} 2. d4 {[%clk 01:30:35]} {[%emt 00:00:51]} Nf6 {[%clk 01:31:02]}
{[%emt 00:00:21]} 3. Nc3 {[%clk 01:30:38]} {[%emt 00:00:27]} Bg7 {[%clk
01:30:43]} {[%emt 00:00:48]} 4. e4 {[%clk 01:31:01]} {[%emt 00:00:07]} d6
{[%clk 01:31:07]} {[%emt 00:00:06]} 5. f4 {[%clk 01:29:14]} {[%emt 00:02:17]}
c5 {[%clk 01:23:17]} {[%emt 00:08:19]} 6. d5 {[%clk 01:25:05]} {[%emt
00:04:40]} O-O {[%clk 01:16:25]} {[%emt 00:07:21]} 7. h3 {[%clk 01:15:38]}
{[%emt 00:09:57]} e6 {[%clk 01:05:56]} {[%emt 00:10:59]} 8. Nf3 {[%clk
01:08:04]} {[%emt 00:08:05]} exd5 {[%clk 00:53:55]} {[%emt 00:12:30]} 9. exd5
{[%clk 01:04:24]} {[%emt 00:04:10]} Re8 {[%clk 00:51:49]} {[%emt 00:02:36]} 10.
Be2 {[%clk 01:03:27]} {[%emt 00:01:27]} Qe7 {[%clk 00:42:23]} {[%emt 00:09:55]}
11. O-O {[%clk 00:59:52]} {[%emt 00:04:05]} b5 {[%clk 00:31:51]} {[%emt
00:11:02]} 12. cxb5 {[%clk 00:50:57]} {[%emt 00:09:26]} Nbd7 {[%clk 00:31:25]}
{[%emt 00:00:56]} 13. Re1 {[%clk 00:45:10]} {[%emt 00:06:17]} Nb6 {[%clk
00:31:48]} {[%emt 00:00:07]} 14. Bd3 {[%clk 00:27:09]} {[%emt 00:18:31]} Qd7
{[%clk 00:31:23]} {[%emt 00:00:54]} 15. f5 {[%clk 00:18:07]} {[%emt 00:09:33]}
Rxe1 {[%clk 00:29:28]} {[%emt 00:02:25]} 16. Qxe1 {[%clk 00:17:42]} {[%emt
00:00:55]} Bb7 {[%clk 00:24:31]} {[%emt 00:05:27]} 17. fxg6 {[%clk 00:16:23]}
{[%emt 00:01:50]} hxg6 {[%clk 00:24:42]} {[%emt 00:00:19]} 18. Qh4 {[%emt
00:02:31]} Nbxd5 {[%clk 00:17:30]} {[%emt 00:07:40]} 19. Bh6 {[%clk 00:08:06]}
{[%emt 00:06:48]} Ne7 {[%clk 00:13:19]} {[%emt 00:04:40]} 20. Rf1 {[%clk
00:06:02]} {[%emt 00:02:34]} c4 {[%clk 00:07:17]} {[%emt 00:06:32]} 21. Bxg7
{[%clk 00:03:21]} {[%emt 00:03:11]} Kxg7 {[%clk 00:07:39]} {[%emt 00:00:08]}
22. Qxc4 {[%clk 00:03:08]} {[%emt 00:00:43]} Ned5 {[%clk 00:04:55]} {[%emt
00:03:14]} 23. Qd4 {[%clk 00:02:57]} {[%emt 00:00:42]} Qe7 {[%clk 00:03:40]}
{[%emt 00:01:45]} 24. Ne4 {[%clk 00:01:57]} {[%emt 00:01:30]} Nf4 {[%clk
00:02:45]} {[%emt 00:01:24]} 25. Nxf6 {[%clk 00:01:17]} {[%emt 00:01:10]} Qxf6
{[%clk 00:03:13]} {[%emt 00:00:02]} 26. Qxf6 {[%clk 00:01:29]} {[%emt
00:00:17]} Kxf6 {[%clk 00:03:39]} {[%emt 00:00:04]} 27. Bc2 {[%clk 00:01:08]}
{[%emt 00:00:48]} Ne6 {[%clk 00:02:58]} {[%emt 00:01:14]} 28. Bb3 {[%clk
00:00:59]} {[%emt 00:00:39]} Ke7 {[%clk 00:03:08]} {[%emt 00:00:20]} 29. Re1
{[%clk 00:01:15]} {[%emt 00:00:13]} Rb8 {[%clk 00:02:40]} {[%emt 00:00:58]} 30.
Nd4 {[%clk 00:00:53]} {[%emt 00:00:52]} d5 {[%clk 00:02:36]} {[%emt 00:00:34]}
31. Nc6 Bxc6 {[%clk 00:03:03]} 32. bxc6 {[%clk 00:01:13]} {[%emt 00:00:02]} Kd6
{[%clk 00:02:56]} {[%emt 00:00:36]} 33. Rd1 {[%clk 00:00:58]} {[%emt 00:00:46]}
Nc7 {[%clk 00:03:19]} {[%emt 00:00:07]} 34. Rf1 {[%clk 00:01:12]} {[%emt
00:00:16]} f5 {[%clk 00:02:15]} {[%emt 00:01:34]} 35. Rc1 {[%clk 00:01:00]}
{[%emt 00:00:42]} Rb6 {[%clk 00:02:33]} {[%emt 00:00:11]} 36. Kf2 {[%clk
00:01:19]} {[%emt 00:00:12]} Rxc6 {[%clk 00:02:53]} {[%emt 00:00:08]} 37. Rxc6
{[%clk 00:01:45]} {[%emt 00:00:05]} Kxc6 {[%clk 00:03:21]} {[%emt 00:00:02]}
38. Kf3 {[%clk 00:01:53]} {[%emt 00:00:22]} Kc5 {[%clk 00:03:45]} {[%emt
00:00:07]} 39. Kf4 {[%clk 00:01:42]} {[%emt 00:00:41]} d4 {[%clk 00:01:12]}
{[%emt 00:03:03]} 40. Kg5 {[%clk 00:01:46]} {[%emt 00:00:26]} Kd6 {[%clk
00:00:33]} {[%emt 00:01:08]} 41. Kxg6 {[%clk 00:29:25]} {[%emt 00:02:52]} Ke5
{[%clk 00:30:44]} {[%emt 00:00:19]} 42. h4 {[%clk 00:24:22]} {[%emt 00:05:34]}
Ne6 {[%clk 00:31:03]} {[%emt 00:00:10]} 43. h5 {[%clk 00:20:13]} {[%emt
00:04:39]} d3 {[%clk 00:29:22]} {[%emt 00:02:11]} 44. h6 {[%clk 00:18:28]}
{[%emt 00:02:15]} d2 {[%clk 00:29:44]} {[%emt 00:00:08]} 45. h7 {[%clk
00:12:27]} {[%emt 00:06:32]} Nf8 {[%clk 00:30:06]} {[%emt 00:00:08]} 46. Kg7
{[%clk 00:12:27]} {[%emt 00:00:31]} Nxh7 {[%clk 00:30:26]} {[%emt 00:00:10]}
47. Kxh7 {[%clk 00:12:56]} {[%emt 00:00:01]} Ke4 {[%clk 00:26:13]} {[%emt
00:04:43]} 48. Kg6 {[%clk 00:12:44]} {[%emt 00:00:42]} f4 {[%clk 00:26:29]}
{[%emt 00:00:13]} 49. Kg5 {[%clk 00:12:44]} {[%emt 00:00:30]} f3 {[%clk
00:26:50]} {[%emt 00:00:09]} 50. gxf3 {[%clk 00:12:45]} {[%emt 00:00:30]} Kxf3
{[%clk 00:27:14]} {[%emt 00:00:06]} 51. Kf5 {[%clk 00:12:55]} {[%emt 00:00:20]}
Ke2 {[%clk 00:27:37]} {[%emt 00:00:07]} 52. Ke4 {[%clk 00:12:55]} {[%emt
00:00:30]} d1=Q {[%clk 00:27:55]} {[%emt 00:00:11]} 53. Bxd1 {[%clk 00:13:20]}
{[%emt 00:00:05]} Kxd1 {[%clk 00:28:13]} {[%emt 00:00:13]} 54. Kd3 {[%clk
00:13:32]} {[%emt 00:00:19]} Kc1 {[%clk 00:28:28]} {[%emt 00:00:15]} 55. Kc3
{[%clk 00:13:51]} {[%emt 00:00:11]} Kb1 {[%clk 00:28:50]} {[%emt 00:00:07]} 56.
a4 {[%clk 00:13:56]} {[%emt 00:00:25]} Ka2 {[%clk 00:28:54]} {[%emt 00:00:26]}
57. a5 {[%clk 00:13:26]} {[%emt 00:01:00]} a6 {[%clk 00:29:18]} {[%emt
00:00:06]} 58. b4 {[%clk 00:13:30]} {[%emt 00:00:26]} Ka3 {[%clk 00:29:43]}
{[%emt 00:00:05]} 59. Kc4 {[%clk 00:13:58]} {[%emt 00:00:02]} Ka4 {[%clk
00:29:53]} {[%emt 00:00:19]} 60. Kc5 {[%clk 00:13:22]} {[%emt 00:01:06]} Ka3
{[%clk 00:30:15]} {[%emt 00:00:09]} 61. b5 {[%clk 00:13:42]} {[%emt 00:00:10]}
1-0

[Event "DVM U20 2022"]
[Site "Münster GER"]
[Date "2022.12.29"]
[Round "5"]
[White "Schneider, Jana"]
[Black "Pralle, Finnegan"]
[Result "1-0"]
[Termination "normal"]
[Board "8.1"]
[WhiteTitle "FM"]
[WhiteElo "2272"]
[BlackElo "1915"]
[WhiteClock "00:07:41"]
[BlackClock "00:21:20"]
[WhiteTeam "SC Bavaria Regensburg von 1881 e.V."]
[BlackTeam "Biebertaler Schachfreunde"]
[PlyCount "57"]
[WhiteFideId "12924997"]
[BlackFideId "12986615"]
[EventCountry "GER"]
[EventRounds "7"]
[EventType "team-swiss"]
[EventDate "2022.12.26"]

1. e4 {[%clk 01:30:56]} {[%emt 00:00:03]} e5 {[%clk 01:30:56]} {[%emt
00:00:05]} 2. Nf3 {[%clk 01:31:16]} {[%emt 00:00:09]} Nc6 {[%clk 01:31:22]}
{[%emt 00:00:04]} 3. Bb5 {[%clk 01:31:38]} {[%emt 00:00:08]} Nf6 {[%clk
01:31:30]} {[%emt 00:00:22]} 4. d3 {[%clk 01:24:54]} {[%emt 00:07:14]} Nd4
{[%clk 01:28:39]} {[%emt 00:03:22]} 5. Nxd4 {[%clk 01:22:04]} {[%emt 00:03:20]}
exd4 {[%clk 01:28:52]} {[%emt 00:00:16]} 6. O-O {[%clk 01:18:24]} {[%emt
00:04:09]} c6 {[%clk 01:25:31]} {[%emt 00:03:52]} 7. Ba4 {[%clk 01:18:04]}
{[%emt 00:00:50]} Be7 {[%clk 01:25:05]} {[%emt 00:00:56]} 8. e5 {[%clk
01:15:08]} {[%emt 00:03:26]} Nd5 {[%clk 01:23:30]} {[%emt 00:02:06]} 9. Qg4
{[%clk 01:14:53]} {[%emt 00:00:44]} d6 {[%clk 01:21:18]} {[%emt 00:02:43]} 10.
Qxg7 {[%clk 01:07:30]} {[%emt 00:07:52]} Rf8 {[%clk 01:21:40]} {[%emt
00:00:07]} 11. exd6 {[%clk 00:51:36]} {[%emt 00:16:25]} Qxd6 {[%clk 01:21:19]}
{[%emt 00:00:52]} 12. Qxd4 {[%clk 00:49:40]} {[%emt 00:02:26]} Be6 {[%clk
01:20:59]} {[%emt 00:00:49]} 13. c4 {[%clk 00:39:37]} {[%emt 00:10:33]} Bf6
{[%clk 01:19:08]} {[%emt 00:02:21]} 14. Qe4 {[%clk 00:39:26]} {[%emt 00:00:41]}
Nb4 {[%clk 01:17:52]} {[%emt 00:01:46]} 15. Rd1 {[%clk 00:27:55]} {[%emt
00:12:02]} O-O-O {[%clk 01:13:51]} {[%emt 00:04:31]} 16. Nc3 {[%clk 00:21:30]}
{[%emt 00:06:54]} Rg8 {[%clk 00:57:45]} {[%emt 00:16:36]} 17. Bf4 {[%clk
00:17:58]} {[%emt 00:04:02]} Qe7 {[%clk 00:52:51]} {[%emt 00:05:24]} 18. a3
{[%clk 00:14:51]} {[%emt 00:03:37]} Rg4 {[%clk 00:48:33]} {[%emt 00:04:48]} 19.
axb4 {[%clk 00:13:06]} {[%emt 00:02:16]} Rd4 {[%clk 00:48:30]} {[%emt
00:00:33]} 20. Qe3 {[%clk 00:12:41]} {[%emt 00:00:55]} Rdxf4 {[%clk 00:47:13]}
{[%emt 00:01:46]} 21. Ne2 {[%clk 00:12:27]} {[%emt 00:00:44]} Rf5 {[%clk
00:39:53]} {[%emt 00:07:50]} 22. Qxa7 {[%clk 00:12:39]} {[%emt 00:00:19]} Qxb4
{[%clk 00:33:09]} {[%emt 00:07:14]} 23. Bxc6 {[%clk 00:12:03]} {[%emt
00:01:05]} Bh4 {[%clk 00:27:43]} {[%emt 00:05:55]} 24. Ng3 {[%clk 00:10:16]}
{[%emt 00:02:17]} Re5 {[%clk 00:23:25]} {[%emt 00:04:49]} 25. Qa8 {[%clk
00:07:30]} {[%emt 00:03:16]} Kc7 {[%clk 00:23:17]} {[%emt 00:00:37]} 26. Bxb7
{[%clk 00:07:47]} {[%emt 00:00:13]} Bxg3 {[%clk 00:22:47]} {[%emt 00:01:01]}
27. hxg3 {[%clk 00:07:51]} {[%emt 00:00:26]} Rgg5 {[%clk 00:23:01]} {[%emt
00:00:16]} 28. Bd5 {[%clk 00:07:15]} {[%emt 00:01:05]} Bxd5 {[%clk 00:21:20]}
{[%emt 00:02:11]} 29. cxd5 {[%clk 00:07:41]} {[%emt 00:00:05]} 1-0

[Event "DVM U20 2022"]
[Site "Münster GER"]
[Date "2022.12.29"]
[Round "5"]
[White "Peschel, Julia"]
[Black "Aumüller, Naum"]
[Result "1-0"]
[Termination "normal"]
[Board "8.2"]
[WhiteElo "1534"]
[BlackElo "1927"]
[WhiteClock "00:26:28"]
[BlackClock "00:12:24"]
[WhiteTeam "Biebertaler Schachfreunde"]
[BlackTeam "SC Bavaria Regensburg von 1881 e.V."]
[PlyCount "55"]
[WhiteFideId "16255593"]
[BlackFideId "16263960"]
[EventCountry "GER"]
[EventRounds "7"]
[EventType "team-swiss"]
[EventDate "2022.12.26"]

1. e4 {[%clk 01:30:58]} e5 {[%clk 01:30:54]} {[%emt 00:00:06]} 2. Nf3 {[%clk
01:31:22]} {[%emt 00:00:06]} Nc6 {[%clk 01:31:19]} {[%emt 00:00:05]} 3. Bc4
{[%clk 01:31:43]} {[%emt 00:00:09]} Bc5 {[%clk 01:31:44]} {[%emt 00:00:05]} 4.
c3 {[%clk 01:31:48]} {[%emt 00:00:25]} Nf6 {[%clk 01:32:10]} {[%emt 00:00:04]}
5. d3 {[%clk 01:31:29]} {[%emt 00:00:49]} a6 {[%clk 01:31:56]} {[%emt
00:00:44]} 6. Bb3 {[%clk 01:31:10]} {[%emt 00:00:49]} d6 {[%clk 01:31:30]}
{[%emt 00:00:56]} 7. O-O {[%clk 01:29:14]} {[%emt 00:02:26]} h6 {[%clk
01:31:24]} {[%emt 00:00:37]} 8. Be3 {[%clk 01:27:05]} {[%emt 00:02:38]} Bxe3
{[%clk 01:30:19]} {[%emt 00:01:36]} 9. fxe3 {[%clk 01:27:25]} {[%emt 00:00:09]}
O-O {[%clk 01:28:51]} {[%emt 00:01:58]} 10. Nbd2 {[%clk 01:25:55]} {[%emt
00:02:00]} d5 {[%clk 01:16:44]} {[%emt 00:12:37]} 11. exd5 {[%clk 01:16:45]}
{[%emt 00:09:40]} Nxd5 {[%clk 01:16:54]} {[%emt 00:00:21]} 12. Qe1 {[%clk
01:15:10]} {[%emt 00:02:05]} Nf6 {[%clk 01:00:02]} {[%emt 00:17:21]} 13. Bc2
{[%clk 01:13:31]} {[%emt 00:02:09]} Re8 {[%clk 00:50:39]} {[%emt 00:09:53]} 14.
Qg3 {[%clk 01:04:13]} {[%emt 00:09:48]} Bf5 {[%clk 00:40:33]} {[%emt 00:10:36]}
15. Nh4 {[%clk 00:52:21]} {[%emt 00:12:22]} Bh7 {[%clk 00:36:27]} {[%emt
00:04:36]} 16. Nf5 {[%clk 00:47:43]} {[%emt 00:05:08]} Bxf5 {[%clk 00:33:47]}
{[%emt 00:03:10]} 17. Rxf5 {[%clk 00:48:04]} {[%emt 00:00:09]} Kf8 {[%clk
00:21:28]} {[%emt 00:12:49]} 18. Raf1 {[%clk 00:46:47]} {[%emt 00:01:47]} Ne7
{[%clk 00:19:23]} {[%emt 00:02:35]} 19. Rxe5 {[%clk 00:42:35]} {[%emt
00:04:41]} Ned5 {[%clk 00:18:50]} {[%emt 00:01:03]} 20. Rxe8 {[%clk 00:42:14]}
{[%emt 00:00:50]} Qxe8 {[%clk 00:18:57]} {[%emt 00:00:23]} 21. e4 {[%clk
00:41:47]} {[%emt 00:00:57]} Ne7 {[%clk 00:15:24]} {[%emt 00:04:03]} 22. Qxc7
{[%clk 00:39:11]} {[%emt 00:03:06]} Qb5 {[%clk 00:14:41]} {[%emt 00:01:14]} 23.
Nb3 {[%clk 00:37:26]} {[%emt 00:02:15]} Rc8 {[%clk 00:13:09]} {[%emt 00:02:01]}
24. Qf4 {[%clk 00:33:29]} {[%emt 00:04:28]} Ng6 {[%clk 00:13:15]} {[%emt
00:00:25]} 25. Qf5 {[%clk 00:33:38]} {[%emt 00:00:20]} Qb6 {[%clk 00:12:52]}
{[%emt 00:00:53]} 26. d4 {[%clk 00:31:53]} {[%emt 00:02:15]} Ne7 {[%clk
00:12:59]} {[%emt 00:00:23]} 27. Qf2 {[%clk 00:26:24]} {[%emt 00:05:58]} Qe6
{[%clk 00:12:24]} {[%emt 00:01:06]} 28. Nc5 {[%clk 00:26:28]} {[%emt 00:00:26]}
1-0

[Event "DVM U20 2022"]
[Site "Münster GER"]
[Date "2022.12.29"]
[Round "5"]
[White "Steinhauer, Artur"]
[Black "Grunwald, Jonathan"]
[Result "1/2-1/2"]
[Termination "normal"]
[Board "8.3"]
[WhiteElo "1920"]
[BlackElo "1791"]
[WhiteClock "00:06:52"]
[BlackClock "00:02:53"]
[WhiteTeam "SC Bavaria Regensburg von 1881 e.V."]
[BlackTeam "Biebertaler Schachfreunde"]
[PlyCount "105"]
[WhiteFideId "16263596"]
[BlackFideId "12955744"]
[EventCountry "GER"]
[EventRounds "7"]
[EventType "team-swiss"]
[EventDate "2022.12.26"]

1. e4 {[%clk 01:30:57]} {[%emt 00:00:02]} e5 {[%clk 01:30:55]} {[%emt
00:00:06]} 2. Nf3 {[%clk 01:31:23]} {[%emt 00:00:03]} Nc6 {[%clk 01:31:21]}
{[%emt 00:00:05]} 3. Bb5 {[%clk 01:31:49]} {[%emt 00:00:03]} a6 {[%clk
01:31:46]} {[%emt 00:00:05]} 4. Bxc6 {[%clk 01:32:12]} {[%emt 00:00:06]} dxc6
{[%clk 01:32:10]} {[%emt 00:00:06]} 5. O-O {[%clk 01:32:39]} {[%emt 00:00:03]}
Bg4 {[%clk 01:31:30]} {[%emt 00:01:11]} 6. h3 {[%clk 01:33:05]} {[%emt
00:00:04]} h5 {[%clk 01:31:39]} {[%emt 00:00:21]} 7. d3 {[%clk 01:33:26]}
{[%emt 00:00:09]} Qf6 {[%clk 01:31:14]} {[%emt 00:00:55]} 8. Nbd2 {[%clk
01:32:19]} {[%emt 00:01:37]} Ne7 {[%clk 01:24:44]} {[%emt 00:07:00]} 9. Re1
{[%clk 01:29:44]} {[%emt 00:03:05]} Ng6 {[%clk 01:22:04]} {[%emt 00:03:10]} 10.
hxg4 {[%clk 00:59:18]} {[%emt 00:30:56]} hxg4 {[%clk 01:20:17]} {[%emt
00:02:17]} 11. Nh2 {[%clk 00:59:10]} {[%emt 00:00:38]} Bc5 {[%clk 01:17:15]}
{[%emt 00:03:32]} 12. Re2 {[%clk 00:47:43]} {[%emt 00:11:57]} Qh4 {[%clk
01:08:02]} {[%emt 00:09:43]} 13. Ndf1 {[%clk 00:45:23]} {[%emt 00:02:50]} g3
{[%clk 01:07:25]} {[%emt 00:01:07]} 14. Be3 {[%clk 00:43:29]} {[%emt 00:02:25]}
Bxe3 {[%clk 01:06:06]} {[%emt 00:01:50]} 15. fxe3 {[%clk 00:43:07]} {[%emt
00:00:52]} gxh2 {[%clk 01:01:01]} {[%emt 00:05:33]} 16. Kh1 {[%clk 00:43:00]}
{[%emt 00:00:39]} O-O-O {[%clk 00:58:30]} {[%emt 00:03:01]} 17. Qe1 {[%clk
00:42:16]} {[%emt 00:01:14]} Qg4 {[%clk 00:23:18]} {[%emt 00:35:42]} 18. Rf2
{[%clk 00:30:28]} {[%emt 00:12:19]} Nh4 {[%clk 00:22:17]} {[%emt 00:01:30]} 19.
Qe2 {[%clk 00:30:35]} {[%emt 00:00:23]} Qg5 {[%clk 00:20:00]} {[%emt 00:02:46]}
20. Nd2 {[%clk 00:29:52]} {[%emt 00:01:13]} f6 {[%clk 00:16:48]} {[%emt
00:03:43]} 21. Nf3 {[%clk 00:29:28]} {[%emt 00:00:53]} Qg6 {[%clk 00:15:57]}
{[%emt 00:01:21]} 22. Raf1 {[%clk 00:28:55]} {[%emt 00:01:03]} c5 {[%clk
00:14:44]} {[%emt 00:01:44]} 23. b3 {[%clk 00:27:45]} {[%emt 00:01:40]} Qg3
{[%clk 00:13:41]} {[%emt 00:01:32]} 24. Nxh4 {[%clk 00:26:44]} {[%emt
00:01:31]} Rxh4 {[%clk 00:13:43]} {[%emt 00:00:29]} 25. a4 {[%clk 00:26:53]}
{[%emt 00:00:21]} Rdh8 {[%clk 00:13:49]} {[%emt 00:00:24]} 26. Qf3 {[%clk
00:23:39]} {[%emt 00:03:45]} Qg4 {[%clk 00:12:46]} {[%emt 00:01:34]} 27. Qxg4
{[%clk 00:17:30]} {[%emt 00:06:39]} Rxg4 {[%clk 00:13:11]} {[%emt 00:00:04]}
28. Rf3 {[%clk 00:17:54]} {[%emt 00:00:05]} Kd7 {[%clk 00:12:58]} {[%emt
00:00:43]} 29. R1f2 {[%clk 00:17:50]} {[%emt 00:00:35]} Ke6 {[%clk 00:12:21]}
{[%emt 00:01:07]} 30. Rf1 {[%clk 00:16:04]} {[%emt 00:02:16]} Rh5 {[%clk
00:11:21]} {[%emt 00:01:30]} 31. R1f2 {[%clk 00:14:06]} {[%emt 00:02:28]} Kd6
{[%clk 00:11:16]} {[%emt 00:00:35]} 32. Rf1 {[%clk 00:13:53]} {[%emt 00:00:43]}
Kc6 {[%clk 00:10:29]} {[%emt 00:01:17]} 33. Re1 {[%clk 00:11:29]} {[%emt
00:02:53]} b5 {[%clk 00:07:56]} {[%emt 00:03:03]} 34. axb5 {[%clk 00:10:41]}
{[%emt 00:01:18]} axb5 {[%clk 00:08:22]} {[%emt 00:00:05]} 35. Rh3 {[%clk
00:10:13]} {[%emt 00:00:58]} Rxh3 {[%clk 00:04:03]} {[%emt 00:04:49]} 36. gxh3
{[%clk 00:10:42]} {[%emt 00:00:01]} Rg1 {[%clk 00:03:52]} {[%emt 00:00:41]} 37.
Rxg1 {[%clk 00:11:10]} {[%emt 00:00:01]} hxg1=Q {[%clk 00:04:12]} {[%emt
00:00:10]} 38. Kxg1 {[%clk 00:11:38]} {[%emt 00:00:03]} c4 {[%clk 00:04:19]}
{[%emt 00:00:23]} 39. b4 {[%clk 00:07:53]} {[%emt 00:04:14]} cxd3 {[%clk
00:02:49]} {[%emt 00:02:00]} 40. cxd3 {[%clk 00:08:22]} Kd6 {[%clk 00:02:57]}
{[%emt 00:00:22]} 41. Kf2 {[%clk 00:28:54]} {[%emt 00:09:57]} c5 {[%clk
00:28:16]} {[%emt 00:05:11]} 42. Ke2 {[%clk 00:23:37]} {[%emt 00:05:47]} c4
{[%clk 00:14:45]} {[%emt 00:14:02]} 43. Kd2 {[%clk 00:08:07]} {[%emt 00:15:59]}
cxd3 {[%clk 00:11:59]} {[%emt 00:03:16]} 44. Kxd3 {[%clk 00:08:36]} {[%emt
00:00:01]} Ke6 {[%clk 00:11:58]} {[%emt 00:00:31]} 45. Ke2 {[%clk 00:08:58]}
{[%emt 00:00:08]} g6 {[%clk 00:08:44]} {[%emt 00:03:44]} 46. Kf3 {[%clk
00:05:45]} {[%emt 00:03:43]} f5 {[%clk 00:08:57]} {[%emt 00:00:18]} 47. h4
{[%clk 00:05:30]} {[%emt 00:00:45]} Kf6 {[%clk 00:09:09]} {[%emt 00:00:17]} 48.
Kg3 {[%clk 00:05:25]} {[%emt 00:00:35]} g5 {[%clk 00:06:06]} {[%emt 00:03:33]}
49. hxg5 {[%clk 00:05:41]} {[%emt 00:00:14]} Kxg5 {[%clk 00:06:30]} {[%emt
00:00:06]} 50. exf5 {[%clk 00:05:56]} {[%emt 00:00:15]} Kxf5 {[%clk 00:06:50]}
{[%emt 00:00:10]} 51. Kf3 {[%clk 00:06:23]} {[%emt 00:00:03]} e4 {[%clk
00:07:07]} {[%emt 00:00:12]} 52. Kg3 {[%clk 00:06:52]} {[%emt 00:00:01]} Kg5
{[%clk 00:02:53]} {[%emt 00:04:44]} 53. Kh3 {[%emt 00:00:05]} 1/2-1/2